000 00418nam a2200169Ia 4500
008 170705s9999 xx 000 0 und d
020 _a9780439756631
245 _aMaƱana, iguana /
245 _cby Ann Whitford Paul ; illustrated by Ethan Long.
260 _aNew York :
260 _bScholastic,
260 _c2004
300 _aunpaged :
300 _bchiefly colored ;
300 _c23cm.
500 _a370
999 _c337342
_d337342